000 00593nai a2200181Ia 4500
003 IN-BaIIA
008 211028c9999 xx s 000 0 eng d
022 _a1615-9306 (Print)
022 _a1615-9314 (Online)
040 _cIIA Library
245 0 _aJournal Of Separation Science
_h[eJournal]
260 _aNew Jersey
_bJohn Wiley & Sons
310 _aSemi-monthly
362 _a19(1); 1996 - Present
521 _bSubscribed through National Knowledge Resource Consortium (NKRC)
856 _uhttps://onlinelibrary.wiley.com/journal/16159314
_yClick Here to Access eJournal
942 _cEJ
999 _c35208
_d35208